000 00275nam a22001097a 4500
008 170105b xxu||||| |||| 00| 0 eng d
020 _a9781578399789
041 _aeng
080 _a618.2
245 _aTHE CMS HOSPITAL CONDITIONS OF PARTICIPATION
_cSCALESE, R
942 _2udc
_cBK
999 _c2547
_d2547